Gaming Quiz

Random Gaming or Pokémon Quiz
Score 0/122 Timer 15:00
0 Plays Today
Pokédex # Pokémon Name % Correct
007Squirtle
98%
119Seaking
94.6%
080Slowbro
94%
120Staryu
94%
121Starmie
94%
199Slowking
94%
079Slowpoke
93.3%
396Starly
93.3%
397Staravia
92.6%
021Spearow
91.9%
027Sandshrew
91.9%
028Sandslash
91.3%
117Seadra
91.3%
123Scyther
91.3%
398Staraptor
91.3%
373Salamence
90.6%
495Snivy
90.6%
497Serperior
90.6%
227Skarmory
89.9%
212Scizor
89.3%
496Servine
89.3%
086Seel
88.6%
090Shellder
88.6%
143Snorlax
88.6%
277Swellow
88.6%
364Sealeo
88.6%
161Sentret
87.9%
192Sunflora
87.9%
363Spheal
87.9%
372Shelgon
87.9%
514Simisear
87.9%
516Simipour
87.9%
191Sunkern
87.2%
273Seedot
87.2%
289Slaking
87.2%
512Simisage
87.2%
208Steelix
86.6%
287Slakoth
86.6%
403Shinx
86.6%
254Sceptile
85.9%
260Swampert
85.9%
Pokédex # Pokémon Name % Correct
540Sewaddle
85.9%
758Salazzle
85.9%
167Spinarak
85.2%
220Swinub
85.2%
338Solrock
85.2%
218Slugma
84.6%
245Suicune
84.6%
541Swadloon
84.6%
757Salandit
84.6%
215Sneasel
83.9%
275Shiftry
83.9%
319Sharpedo
83.9%
353Shuppet
83.9%
188Skiploom
83.2%
213Shuckle
83.2%
234Stantler
83.2%
302Sableye
83.2%
791Solgaleo
83.2%
361Snorunt
82.6%
434Stunky
82.6%
435Skuntank
82.6%
492Shaymin
82.6%
551Sandile
82.6%
266Silcoon
81.9%
442Spiritomb
81.9%
459Snover
81.9%
503Samurott
81.9%
539Sawk
81.9%
283Surskit
81.2%
292Shedinja
81.2%
545Scolipede
81.2%
685Slurpuff
81.2%
816Sobble
80.8%
872Snom
80.8%
700Sylveon
80.5%
769Sandygast
80.5%
235Smeargle
79.9%
238Smoochum
79.9%
327Spinda
79.9%
561Sigilyph
79.9%
665Spewpa
79.9%
Pokédex # Pokémon Name % Correct
333Swablu
79.2%
618Stunfisk
79.2%
300Skitty
78.5%
336Seviper
78.5%
560Scrafty
78.5%
684Swirlix
78.5%
451Skorupi
77.9%
559Scraggy
77.9%
185Sudowoodo
77.2%
581Swanna
77.2%
813Scorbunny
76.9%
209Snubbull
76.5%
577Solosis
76.5%
586Sawsbuck
76.5%
664Scatterbug
76.5%
682Spritzee
76.5%
805Stakataka
75.8%
285Shroomish
75.2%
325Spoink
75.2%
537Seismitoad
75.2%
690Skrelp
74.5%
762Steenee
74.5%
410Shieldon
73.8%
422Shellos
73.8%
850Sizzlipede
73.1%
317Swalot
72.5%
528Swoobat
72.5%
508Stoutland
71.8%
705Sliggoo
71.8%
616Shelmet
70.5%
843Silicobra
69.2%
844Sandaconda
69.2%
819Skwovet
65.4%
672Skiddo
64.4%
759Stufful
64.4%
773Silvally
63.8%
756Shiinotic
62.4%
874Stonjourner
57.7%
854Sinistea
53.8%
865Sirfetch'd
46.2%
Remove Ads.
Support Sporcle.
Get the best of Sporcle when you Go Orange. This ad-free experience offers more features, more stats, and more fun while also helping to support Sporcle. Thank you for becoming a member.

You're not logged in!

Compare scores with friends on all Sporcle quizzes.
OR
Log In

Show Comments

Extras

Created Jan 2, 2019ReportNominate
Tags:Pokémon Quiz, All Pokémon

Top Quizzes Today


Score Distribution

Your Account Isn't Verified!

In order to create a playlist on Sporcle, you need to verify the email address you used during registration. Go to your Sporcle Settings to finish the process.

Report this User

Report this user for behavior that violates our Community Guidelines.

Details: